[Event "Landesliga Nord 0708"]
[Site "Bayern"]
[Date "2007.11.04"]
[Round "2.6"]
[White "Janda, Pavel"]
[Black "Gutzeit, Kurt"]
[Result "1-0"]
[WhiteElo "2010"]
[BlackElo "1924"]
[PlyCount "103"]
[EventDate "2007.10.21"]
[EventType "team-tourn"]
[EventRounds "9"]
[EventCountry "GER"]
[SourceTitle "EXT 2009"]
[Source "ChessBase"]
[SourceDate "2008.11.26"]
[SourceVersion "1"]
[SourceVersionDate "2008.11.26"]
[SourceQuality "1"]
[WhiteTeam "Kulmbach"]
[BlackTeam "Burgsinn"]
[WhiteTeamCountry "GER"]
[BlackTeamCountry "GER"]

1. e4 c5 2. Nf3 Nc6 3. Bb5 g6 4. 0-0 Bg7 5. c3 Nf6 6. Re1 0-0 7. h3 d6 8. d4 cxd4 9. cxd4 Qb6 10. Nc3 e5 11. Bxc6 bxc6 12. dxe5 dxe5 13. Qc2 Nh5 14. Be3 Qb7 15. Na4 Nf4 16. Rad1 Be6 17. b3 Qc8 18. Ng5 h6 19. Nxe6 Qxe6 20. Nc5 Qe7 21. Rd7 Qg5 22. g3 Nxh3+ 23. Kg2 Qg4 24. f3 Qh5 25. Rh1 g5 26. Rxh3 Qg6 27. g4 Rfd8 28. Qd2 Rxd7 29. Qxd7 Bf8 30. Rh1 Qf6 31. Nb7 a5 32. Rd1 a4 33. Qf5 Qxf5 34. exf5 axb3 35. axb3 Ra2+ 36. Rd2 Ra3 37. Rb2 Kg7 38. Bc5 Bxc5 39. Nxc5 h5 40. Ne4 Kh6 41. gxh5 Kxh5 42. Kg3 Kh6 43. Kg4 Ra1 44. Rc2 Rg1+ 45. Ng3 f6 46. Rxc6 Kg7 47. Rc7+ Kf8 48. b4 Rg2 49. b5 Rh2 50. Ne4 Rg2+ 51. Kh5 Rb2 52. Kg6 1-0

[Event "Regionalliga NW 0607"]
[Site "Bayern"]
[Date "2006.10.29"]
[Round "2.7"]
[White "Becker, Alexander1111"]
[Black "Gutzeit, Kurt"]
[Result "1/2-1/2"]
[WhiteElo "1946"]
[BlackElo "1917"]
[PlyCount "78"]
[EventDate "2006.10.15"]
[EventType "team-tourn"]
[EventRounds "9"]
[EventCountry "GER"]
[SourceTitle "EXT 2008"]
[Source "ChessBase"]
[SourceDate "2007.11.25"]
[SourceVersion "1"]
[SourceVersionDate "2007.11.25"]
[SourceQuality "1"]
[WhiteTeam "Kronach"]
[BlackTeam "Burgsinn"]
[WhiteTeamCountry "GER"]
[BlackTeamCountry "GER"]

1. c4 c5 2. g3 Nf6 3. Bg2 Nc6 4. Nc3 g6 5. e3 Bg7 6. Nge2 0-0 7. 0-0 d6 8. d3 Bd7 9. Qd2 a6 10. Rb1 Rb8 11. a3 b5 12. cxb5 axb5 13. b4 cxb4 14. axb4 Ne5 15. Nd4 Qb6 16. Bb2 e6 17. Rfc1 Neg4 18. h3 e5 19. Nde2 Nh6 20. Kh2 Nf5 21. Ne4 Ne8 22. N4c3 Ne7 23. d4 Be6 24. d5 Bd7 25. Ra1 f5 26. Ra5 Nc7 27. Rca1 Bh6 28. f4 Bg7 29. fxe5 Bxe5 30. Nf4 g5 31. Ne6 Bxe6 32. dxe6 f4 33. exf4 gxf4 34. Ne4 fxg3+ 35. Nxg3 Bf4 36. Qe2 Qe3 37. Qg4+ Ng6 38. Bc1 Bxg3+ 39. Qxg3 Qxe6 1/2-1/2

[Event "Regionalliga NW 0506"]
[Site "Bayern"]
[Date "2005.11.27"]
[Round "3.8"]
[White "Gutzeit, Kurt"]
[Black "Trobisch, Alfred"]
[Result "1-0"]
[WhiteElo "1925"]
[BlackElo "1689"]
[PlyCount "57"]
[EventDate "2005.10.23"]
[EventType "team-tourn"]
[EventRounds "9"]
[EventCountry "GER"]
[SourceTitle "EXT 2007"]
[Source "ChessBase"]
[SourceDate "2006.11.23"]
[SourceVersion "1"]
[SourceVersionDate "2006.11.23"]
[SourceQuality "1"]

1. e4 c5 2. Nf3 e6 3. d4 cxd4 4. Nxd4 a6 5. Be3 Nf6 6. Bd3 Nc6 7. Nxc6 bxc6 8. f4 d5 9. e5 Nd7 10. 0-0 Bc5 11. Bxc5 Nxc5 12. b4 Nxd3 13. Qxd3 Qb6+ 14. Kh1 Qxb4 15. Nd2 0-0 16. Rab1 Qa5 17. Nf3 c5 18. Ng5 g6 19. Qh3 h5 20. g4 Kg7 21. f5 exf5 22. gxf5 Qd2 23. Qg3 Qe2 24. e6 f6 25. Rbe1 Qg4 26. Qc7+ Kh6 27. Rg1 Qxg1+ 28. Rxg1 fxg5 29. h4 1-0

[Event "Regionalliga NW 0506"]
[Site "Bayern"]
[Date "2005.11.13"]
[Round "2.8"]
[White "Becker, Alexander1111"]
[Black "Gutzeit, Kurt"]
[Result "1-0"]
[WhiteElo "1920"]
[BlackElo "1925"]
[PlyCount "80"]
[EventDate "2005.10.23"]
[EventType "team-tourn"]
[EventRounds "9"]
[EventCountry "GER"]
[SourceTitle "EXT 2007"]
[Source "ChessBase"]
[SourceDate "2006.11.23"]
[SourceVersion "1"]
[SourceVersionDate "2006.11.23"]
[SourceQuality "1"]

1. c4 c5 2. Nf3 Nc6 3. g3 g6 4. Bg2 Bg7 5. Nc3 Nf6 6. 0-0 0-0 7. d4 cxd4 8. Nxd4 a6 9. h3 Qc7 10. Nxc6 dxc6 11. e4 Be6 12. Qe2 Nh5 13. Be3 b5 14. cxb5 axb5 15. Rfc1 b4 16. Nd5 Bxd5 17. exd5 Qe5 18. Rxc6 Qxb2 19. Qxb2 Bxb2 20. Rb1 Rxa2 21. Rc2 Nxg3 22. Rbxb2 Rxb2 23. Rxb2 Nf5 24. Rxb4 Nxe3 25. fxe3 Kg7 26. Kf2 Kf6 27. Ke2 Ke5 28. Rb7 Re8 29. Kd3 f5 30. Rb6 e6 31. dxe6 Rxe6 32. Rxe6+ Kxe6 33. Kd4 g5 34. Bf3 Kf6 35. Kd5 Kg6 36. Ke5 f4 37. e4 h5 38. Ke6 g4 39. hxg4 hxg4 40. Bxg4 Kg5 1-0

[Event "Regionalliga NW 0405"]
[Site "Bayern"]
[Date "2005.04.10"]
[Round "9.6"]
[White "Gutzeit, Kurt"]
[Black "Scheidt, Joerg"]
[Result "0-1"]
[WhiteElo "1976"]
[BlackElo "2028"]
[PlyCount "61"]
[EventDate "2004.10.24"]
[EventType "team-tourn"]
[EventRounds "9"]
[EventCountry "GER"]
[SourceTitle "EXT 2007"]
[Source "ChessBase"]
[SourceDate "2006.11.23"]
[SourceVersion "1"]
[SourceVersionDate "2006.11.23"]
[SourceQuality "1"]
[WhiteTeam "Burgsinn"]
[BlackTeam "Hof"]
[WhiteTeamCountry "GER"]
[BlackTeamCountry "GER"]

1. e4 c5 2. Nf3 Nc6 3. d3 g6 4. g3 Bg7 5. c3 Nf6 6. Bg2 d6 7. 0-0 0-0 8. Re1 Bg4 9. h3 Bxf3 10. Qxf3 Rc8 11. Be3 b5 12. a3 a5 13. Nd2 Ne5 14. Qe2 c4 15. d4 Nd3 16. Reb1 e5 17. a4 exd4 18. Bxd4 Qd7 19. axb5 Qxb5 20. b3 Qd7 21. Nxc4 Nc5 22. Nb6 Qc7 23. Nxc8 Rxc8 24. e5 Re8 25. Qb5 Nfd7 26. exd6 Qb8 27. Qxb8 Rxb8 28. Bxg7 Kxg7 29. Rxa5 Nxb3 30. Ra7 Ndc5 31. Bd5 0-1

[Event "Landesliga Nord 0203"]
[Site "Bayern"]
[Date "2003.02.23"]
[Round "7.6"]
[White "Muehlbauer, Andreas"]
[Black "Gutzeit, Kurt"]
[Result "1/2-1/2"]
[WhiteElo "2046"]
[BlackElo "1963"]
[PlyCount "91"]
[EventDate "2002.10.20"]
[EventType "team"]
[EventRounds "9"]
[EventCountry "GER"]
[SourceTitle "EXT 2004"]
[Source "ChessBase"]
[SourceDate "2003.11.25"]
[SourceVersion "1"]
[SourceVersionDate "2003.11.25"]
[SourceQuality "1"]
[WhiteTeam "Koetzting"]
[BlackTeam "Burgsinn"]
[WhiteTeamCountry "GER"]
[BlackTeamCountry "GER"]

1. e4 c5 2. c3 d5 3. exd5 Qxd5 4. d4 cxd4 5. cxd4 Nc6 6. Nf3 e6 7. Nc3 Bb4 8. Bd3 Nf6 9. 0-0 Bxc3 10. bxc3 0-0 11. Bg5 h6 12. Bxf6 gxf6 13. Qd2 Kg7 14. Rfe1 Rh8 15. Rab1 Qd6 16. Qe3 b6 17. Nd2 f5 18. Nc4 Qc7 19. f4 f6 20. Nd2 Ne7 21. c4 Ng6 22. Rf1 Rd8 23. Rbe1 Qd6 24. Nb3 a5 25. d5 exd5 26. cxd5 a4 27. Nc1 Bd7 28. Qd4 Ra5 29. Bc4 b5 30. Bd3 b4 31. Bc4 Qc5 32. Ne2 Rc8 33. Rc1 Qxd4+ 34. Nxd4 Rac5 35. Bb5 Rxc1 36. Bxd7 Rxf1+ 37. Kxf1 Rc4 38. Nxf5+ Kf8 39. g3 Ne7 40. Nxe7 Kxe7 41. Bxa4 Rc3 42. Ke2 h5 43. Bb3 Kd6 44. Kf2 f5 45. Kg2 Rd3 46. h3 1/2-1/2

[Event "Landesliga Nord 0203"]
[Site "Bayern"]
[Date "2002.12.15"]
[Round "3.6"]
[White "Gutzeit, Kurt"]
[Black "Bahlke, Wolfgang"]
[Result "0-1"]
[WhiteElo "1963"]
[BlackElo "2160"]
[PlyCount "138"]
[EventDate "2002.10.20"]
[EventType "team"]
[EventRounds "9"]
[EventCountry "GER"]
[SourceTitle "EXT 2004"]
[Source "ChessBase"]
[SourceDate "2003.11.25"]
[SourceVersion "1"]
[SourceVersionDate "2003.11.25"]
[SourceQuality "1"]
[WhiteTeam "Burgsinn"]
[BlackTeam "Dettingen"]
[WhiteTeamCountry "GER"]
[BlackTeamCountry "GER"]

1. d4 Nf6 2. c4 g6 3. Nc3 Bg7 4. e4 d6 5. f4 0-0 6. Nf3 c5 7. dxc5 Qa5 8. Bd3 Nfd7 9. Bd2 Nxc5 10. Bc2 Nc6 11. a3 Bg4 12. b4 Nxb4 13. axb4 Qxb4 14. Rb1 Qxc4 15. Qe2 Qxe2+ 16. Kxe2 a5 17. Na4 Rfb8 18. Nxc5 dxc5 19. Ba4 b6 20. f5 gxf5 21. h3 Bxf3+ 22. gxf3 fxe4 23. fxe4 Bd4 24. Kd3 Kg7 25. Kc4 Ra7 26. Rb3 Kf6 27. Rf1+ Ke6 28. Bf4 Be5 29. Be3 Bc7 30. Rd3 Rd8 31. Rd5 f6 32. Rh5 Rh8 33. Kb5 Raa8 34. Kc6 c4 35. Bb5 Kf7 36. Bxc4+ e6 37. Bd4 Bd8 38. Bxf6 Bxf6 39. e5 Kg6 40. Be2 Be7 41. Kd7 Rad8+ 42. Kc6 Rd2 43. Rg1+ Kf7 44. Rf1+ Ke8 45. Bb5 Bd8 46. Rh6 Ke7 47. Rff6 Rc2+ 48. Kb7 Rc5 49. Rxe6+ Kf7 50. Bd3 Bg5 51. Kxb6 Rc3 52. Bb5 Rb8+ 53. Kxa5 Bxh6 54. Rxh6 Kg7 55. Rb6 Rxb6 56. Kxb6 Rxh3 57. Kc5 Kf8 58. Bd7 Rh6 59. Kd4 Ke7 60. Bf5 Rh4+ 61. Ke3 h6 62. Kf3 Rb4 63. Kg3 h5 64. Kf3 h4 65. Bg4 Rb5 66. Kf4 Rb4+ 67. Kg5 Rb5 68. Kf4 Rb3 69. Bf3 h3 0-1

[Event "Landesliga Nord 0102"]
[Site "Bayern"]
[Date "2002.04.14"]
[Round "8.5"]
[White "Gutzeit, Kurt"]
[Black "Assmann, Norbert"]
[Result "0-1"]
[WhiteElo "1955"]
[BlackElo "2055"]
[PlyCount "90"]
[EventDate "2001.10.07"]
[EventType "team"]
[EventRounds "9"]
[EventCountry "GER"]
[SourceTitle "EXT 2003"]
[Source "ChessBase"]
[SourceDate "2002.11.25"]
[SourceVersion "1"]
[SourceVersionDate "2002.11.25"]
[SourceQuality "1"]
[WhiteTeam "Burgsinn"]
[BlackTeam "Sailauf"]
[WhiteTeamCountry "GER"]
[BlackTeamCountry "GER"]

1. d4 Nf6 2. Bg5 g6 3. c4 Bg7 4. Nc3 0-0 5. e4 d6 6. Qd2 c6 7. f3 a6 8. 0-0-0 b5 9. e5 dxe5 10. dxe5 Qxd2+ 11. Rxd2 Nfd7 12. f4 f6 13. exf6 exf6 14. Bh4 g5 15. Bf2 gxf4 16. Nf3 Ne5 17. Nxe5 fxe5 18. Be2 f3 19. Bxf3 Bh6 20. Re1 Bxd2+ 21. Kxd2 Nd7 22. Bh4 Bb7 23. cxb5 axb5 24. a3 Rae8 25. Ne4 Rb8 26. Bg4 Nb6 27. Be6+ Kg7 28. Re3 Nc4+ 29. Bxc4 bxc4 30. Be7 Rf4 31. g3 Rf7 32. Bd6 Re8 33. Kc3 Rf1 34. Nc5 Bc8 35. Bxe5+ Kg6 36. Kxc4 Be6+ 37. Kb4 Bd5 38. h3 Rh1 39. Nd3 Rd1 40. Kc3 Re7 41. g4 Rb7 42. Nc5 Rc1+ 43. Kd2 Rxc5 44. b4 Rc4 45. Bf4 Rf7 0-1

[Event "Landesliga Nord 0102"]
[Site "Bayern"]
[Date "2001.11.25"]
[Round "3.5"]
[White "Gutzeit, Kurt"]
[Black "Dahlheimer, Bernd"]
[Result "0-1"]
[WhiteElo "1955"]
[BlackElo "2175"]
[PlyCount "80"]
[EventDate "2001.10.07"]
[EventType "team"]
[EventRounds "9"]
[EventCountry "GER"]
[SourceTitle "EXT 2003"]
[Source "ChessBase"]
[SourceDate "2002.11.25"]
[SourceVersion "1"]
[SourceVersionDate "2002.11.25"]
[SourceQuality "1"]
[WhiteTeam "Burgsinn"]
[BlackTeam "Dettingen"]
[WhiteTeamCountry "GER"]
[BlackTeamCountry "GER"]

1. d4 Nf6 2. c4 d6 3. Nc3 Nbd7 4. e4 e5 5. Be3 g6 6. f3 Bg7 7. Qd2 0-0 8. Nge2 c6 9. h4 h5 10. 0-0-0 Qa5 11. Kb1 b5 12. Nc1 bxc4 13. Bxc4 exd4 14. Bxd4 Ne5 15. Bxe5 dxe5 16. Qd6 Bb7 17. Nb3 Qd8 18. Nc5 Qb8 19. g4 Nd5 20. Bxd5 cxd5 21. Qxb8 Rfxb8 22. Nxd5 Bxd5 23. Rxd5 hxg4 24. fxg4 Rb4 25. a3 Rb5 26. Rhd1 Kh7 27. Nd7 Rb7 28. Rf1 Kg8 29. h5 gxh5 30. gxh5 Rc8 31. Rg1 Kh7 32. Rd6 Kh8 33. h6 Bf8 34. Nf6 Bxd6 35. h7 Rbb8 36. b4 a5 37. Rg8+ Rxg8 38. hxg8Q+ Rxg8 39. Nxg8 Kxg8 40. bxa5 Bxa3 0-1

[Event "Landesliga Nord 0102"]
[Site "Bayern"]
[Date "2001.10.07"]
[Round "1.6"]
[White "Bucka, Reinhard"]
[Black "Gutzeit, Kurt"]
[Result "0-1"]
[WhiteElo "2065"]
[BlackElo "1955"]
[PlyCount "62"]
[EventDate "2001.10.07"]
[EventType "team"]
[EventRounds "9"]
[EventCountry "GER"]
[SourceTitle "EXT 2003"]
[Source "ChessBase"]
[SourceDate "2002.11.25"]
[SourceVersion "1"]
[SourceVersionDate "2002.11.25"]
[SourceQuality "1"]
[WhiteTeam "Bamberg II"]
[BlackTeam "Burgsinn"]
[WhiteTeamCountry "GER"]
[BlackTeamCountry "GER"]

1. c4 c5 2. Nc3 Nc6 3. g3 Nf6 4. Bg2 g6 5. Nf3 Bg7 6. 0-0 0-0 7. d4 cxd4 8. Nxd4 Nxd4 9. Qxd4 d6 10. Qd3 Nd7 11. b3 Nc5 12. Qd2 Bd7 13. Bb2 Bc6 14. e4 e6 15. Rfe1 Qa5 16. Rad1 Rad8 17. Qc2 a6 18. Re2 b5 19. cxb5 axb5 20. Nb1 Qxa2 21. Bxg7 Qxc2 22. Rxc2 Kxg7 23. f3 Bb7 24. Nc3 b4 25. Na2 Na6 26. Bf1 Nc5 27. Rd4 f5 28. Rxb4 fxe4 29. Rxc5 dxc5 30. Rxb7+ Kh6 31. fxe4 Rd1 0-1

[Event "Regionalliga NW 0001"]
[Site "Bayern"]
[Date "2001.01.28"]
[Round "5.7"]
[White "Gutzeit, Kurt"]
[Black "Kassubek, Wolfgang"]
[Result "1-0"]
[WhiteElo "1940"]
[BlackElo "1980"]
[PlyCount "148"]
[EventDate "2000.10.15"]
[EventType "team-tourn"]
[EventRounds "9"]
[EventCountry "GER"]
[SourceTitle "EXT 2020"]
[Source "ChessBase"]
[SourceDate "2019.10.17"]
[SourceVersion "1"]
[SourceVersionDate "2019.10.17"]
[SourceQuality "1"]
[WhiteTeam "Burgsinn"]
[BlackTeam "Schweinfurt Fr"]
[WhiteTeamCountry "GER"]
[BlackTeamCountry "GER"]

1. e4 c5 2. Nf3 d6 3. d4 cxd4 4. Nxd4 Nf6 5. Bd3 a6 6. h3 e6 7. 0-0 Be7 8. Be3 Qc7 9. Nc3 Nbd7 10. Qe2 b5 11. Rac1 Bb7 12. a3 Rc8 13. f4 Nb6 14. Rcd1 Nc4 15. Ncxb5 axb5 16. Nxb5 Qa5 17. Bxc4 Nxe4 18. b4 Qa8 19. Kh2 0-0 20. Bd3 Nc3 21. Nxc3 Rxc3 22. Bc1 Qc8 23. Bb2 Rc7 24. Qh5 f5 25. Rde1 Bf6 26. Bxf6 gxf6 27. Re3 Rg7 28. Rf2 Kh8 29. Qh4 Rg6 30. Rg3 Rfg8 31. Rxg6 Rxg6 32. Qh5 Qc3 33. Qe2 Bd5 34. g4 Qa1 35. Rf1 Qxa3 36. b5 fxg4 37. hxg4 Rh6+ 38. Kg3 f5 39. g5 Rg6 40. Qf2 e5 41. Kh2 Be6 42. b6 Rg8 43. Rb1 Qa2 44. Rb4 Qa3 45. Rb5 Rb8 46. b7 Qc3 47. fxe5 dxe5 48. Rc5 Qb4 49. Rxe5 Qd6 50. Qf4 Rxb7 51. Rxf5 Qxf4+ 52. Rxf4 Kg7 53. Rh4 Bg8 54. Kg3 Rc7 55. Rd4 h6 56. g6 Be6 57. Kf4 Kf6 58. Rd6 h5 59. Rd8 Kg7 60. Ke5 Rd7 61. Rb8 Bg4 62. Kf4 Rc7 63. Be4 Bd1 64. c4 Be2 65. c5 h4 66. Rb7 Rxb7 67. Bxb7 h3 68. Kg3 h2 69. Kxh2 Kxg6 70. Kg3 Bb5 71. Kf4 Kf6 72. Ke4 Ke6 73. Kd4 Kd7 74. Kd5 Kc7 1-0

[Event "Regionalliga NW 0001"]
[Site "Bayern"]
[Date "2001.01.14"]
[Round "4.7"]
[White "Mueller, Christian3333"]
[Black "Gutzeit, Kurt"]
[Result "1/2-1/2"]
[WhiteElo "1671"]
[BlackElo "1940"]
[PlyCount "76"]
[EventDate "2000.10.15"]
[EventType "team-tourn"]
[EventRounds "9"]
[EventCountry "GER"]
[SourceTitle "EXT 2020"]
[Source "ChessBase"]
[SourceDate "2019.10.17"]
[SourceVersion "1"]
[SourceVersionDate "2019.10.17"]
[SourceQuality "1"]
[WhiteTeam "Coburg"]
[BlackTeam "Burgsinn"]
[WhiteTeamCountry "GER"]
[BlackTeamCountry "GER"]

1. e4 d5 2. exd5 Nf6 3. d4 Nxd5 4. c4 Nf6 5. Nf3 g6 6. Be2 Bg7 7. Nc3 0-0 8. 0-0 c6 9. Be3 Nbd7 10. Qd2 Qa5 11. Nd5 Qd8 12. Nxf6+ Nxf6 13. Bh6 Bg4 14. Rad1 a5 15. h3 Bxf3 16. Bxf3 a4 17. Bxg7 Kxg7 18. Qb4 Qc7 19. Rfe1 e6 20. d5 cxd5 21. cxd5 Nxd5 22. Bxd5 exd5 23. Rxd5 Rfe8 24. Qd4+ Kg8 25. Rd1 Ra5 26. Rxa5 Qxa5 27. Qd2 Qb5 28. Qd7 Qe2 29. Qxa4 Rc8 30. Qd4 Rc2 31. Rb1 Rd2 32. Qe3 Rxb2 33. Qxe2 Rxe2 34. a4 Re4 35. a5 Re5 36. Ra1 Rb5 37. Kf1 Rb2 38. Ra3 Kf8 1/2-1/2

[Event "Regionalliga NW 9900"]
[Site "Bayern"]
[Date "2000.??.??"]
[Round "4.6"]
[White "Boss, Rolf"]
[Black "Gutzeit, Kurt"]
[Result "1-0"]
[WhiteElo "1995"]
[BlackElo "1965"]
[PlyCount "51"]
[EventDate "1999.??.??"]
[EventType "team-tourn"]
[EventRounds "9"]
[EventCountry "GER"]
[SourceTitle "EXT 2020"]
[Source "ChessBase"]
[SourceDate "2019.10.17"]
[SourceVersion "1"]
[SourceVersionDate "2019.10.17"]
[SourceQuality "1"]
[WhiteTeam "Bamberg SC III"]
[BlackTeam "Burgsinn"]
[WhiteTeamCountry "GER"]
[BlackTeamCountry "GER"]

1. d4 Nf6 2. c4 g6 3. Nc3 d6 4. e4 Bg7 5. f4 0-0 6. Bd3 e5 7. fxe5 dxe5 8. d5 c6 9. Bg5 Nbd7 10. Qd2 Nc5 11. Bc2 a5 12. 0-0-0 a4 13. Nge2 Qa5 14. Rdf1 Nfd7 15. dxc6 bxc6 16. Qd6 Ba6 17. Be7 Rfb8 18. Nd5 cxd5 19. Qxd5 Qb4 20. Rxf7 Kh8 21. b3 Bb7 22. Qxd7 Nxb3+ 23. axb3 Bxe4 24. Bxb4 Rb7 25. Qxb7 Bxb7 26. Rxb7 1-0

[Event "Regionalliga NW 9899"]
[Site "Bayern"]
[Date "1999.??.??"]
[Round "6.4"]
[White "Reis, Thomas"]
[Black "Gutzeit, Kurt"]
[Result "1-0"]
[WhiteElo "2018"]
[BlackElo "2020"]
[PlyCount "62"]
[EventDate "1998.??.??"]
[EventType "team-tourn"]
[EventRounds "9"]
[EventCountry "GER"]
[SourceTitle "EXT 2020"]
[Source "ChessBase"]
[SourceDate "2019.10.17"]
[SourceVersion "1"]
[SourceVersionDate "2019.10.17"]
[SourceQuality "1"]
[WhiteTeam "Sand"]
[BlackTeam "Burgsinn"]
[WhiteTeamCountry "GER"]
[BlackTeamCountry "GER"]

1. Nc3 d5 2. e4 d4 3. Nce2 e5 4. Ng3 Nf6 5. Bc4 h5 6. h4 g6 7. Nh3 Bxh3 8. Rxh3 Bh6 9. d3 Bxc1 10. Qxc1 Qd6 11. a3 Ng4 12. Nf1 Qe7 13. Qg5 Nd7 14. f3 Ngf6 15. 0-0-0 0-0-0 16. Kb1 Kb8 17. Nd2 a6 18. Rf1 Qd6 19. Bxf7 b5 20. Ba2 Nh7 21. Qh6 Qf6 22. f4 Rdf8 23. Rhf3 Qxh4 24. Qxg6 Nhf6 25. Qf5 Qh2 26. Qe6 Nc5 27. Qc6 Ncd7 28. Qxa6 Qxg2 29. Nb3 c6 30. Na5 Kc7 31. Qxc6+ Kd8 1-0

[Event "Regionalliga NW 9899"]
[Site "Bayern"]
[Date "1998.??.??"]
[Round "1.4"]
[White "Sickenberger, Manfred"]
[Black "Gutzeit, Kurt"]
[Result "1-0"]
[WhiteElo "2070"]
[BlackElo "2020"]
[PlyCount "87"]
[EventDate "1998.??.??"]
[EventType "team-tourn"]
[EventRounds "9"]
[EventCountry "GER"]
[SourceTitle "EXT 2020"]
[Source "ChessBase"]
[SourceDate "2019.10.17"]
[SourceVersion "1"]
[SourceVersionDate "2019.10.17"]
[SourceQuality "1"]
[WhiteTeam "Mainaschaff"]
[BlackTeam "Burgsinn"]
[WhiteTeamCountry "GER"]
[BlackTeamCountry "GER"]

1. Nf3 d5 2. g3 Nf6 3. Bg2 g6 4. b3 Bg7 5. Bb2 c5 6. d3 Nc6 7. Nbd2 a5 8. e4 0-0 9. a4 d4 10. Nc4 Nd7 11. 0-0 Nde5 12. Nfxe5 Nxe5 13. Nxe5 Bxe5 14. f4 Bg7 15. f5 Bd7 16. Bc1 gxf5 17. exf5 Qc8 18. Qh5 Bc6 19. Rf4 Bf6 20. Rg4+ Kh8 21. Bg5 Bxg5 22. Qxg5 Rg8 23. Qxg8+ Qxg8 24. Rxg8+ Kxg8 25. Bxc6 bxc6 26. Re1 Kg7 27. Re5 c4 28. dxc4 Kf6 29. Rc5 Rb8 30. Kf2 d3 31. cxd3 Rxb3 32. Ke3 Rb2 33. Rxc6+ Kxf5 34. Rh6 e5 35. Rxh7 Kg6 36. Rh4 f5 37. c5 Rb3 38. Kd2 Kg5 39. c6 Rb8 40. Rc4 Kf6 41. c7 Rc8 42. Ke3 Ke6 43. d4 e4 44. Rc5 1-0

[Event "Regionalliga NW 9697"]
[Site "Bayern"]
[Date "1996.??.??"]
[Round "?"]
[White "Gutzeit, Kurt"]
[Black "Bittner, Harald"]
[Result "0-1"]
[WhiteElo "2035"]
[BlackElo "1960"]
[PlyCount "52"]
[EventDate "1996.10.??"]
[EventType "team-tourn"]
[EventRounds "9"]
[EventCountry "GER"]
[SourceTitle "EXT 1999"]
[Source "ChessBase"]
[SourceDate "1998.11.16"]
[SourceVersion "1"]
[SourceVersionDate "1998.11.16"]
[SourceQuality "1"]
[WhiteTeam "Burgsinn"]
[BlackTeam "Bad Neustadt"]
[WhiteTeamCountry "GER"]
[BlackTeamCountry "GER"]

1. e4 c5 2. Nf3 Nc6 3. Nc3 Nf6 4. d4 cxd4 5. Nxd4 e5 6. Nb3 Bb4 7. Bc4 Nxe4 8. Bxf7+ Kxf7 9. Qd5+ Ke8 10. Qxe4 d5 11. Qe2 d4 12. a3 Ba5 13. Nxa5 Qxa5 14. b4 Nxb4 15. axb4 Qxa1 16. Qxe5+ Kf7 17. Qf4+ Kg6 18. Qg5+ Kf7 19. Ne4 Re8 20. Qd5+ Be6 21. Qh5+ Kg8 22. 0-0 Bc4 23. Nd6 g6 24. Qg5 Qc3 25. Nxe8 Rxe8 26. Qf6 Qe1 0-1

[Event "Regionalliga NW 9596"]
[Site "Bayern"]
[Date "1996.??.??"]
[Round "?"]
[White "Lechleitner, Walter"]
[Black "Gutzeit, Kurt"]
[Result "1/2-1/2"]
[WhiteElo "2055"]
[BlackElo "2035"]
[PlyCount "126"]
[EventDate "1995.10.??"]
[EventType "team-tourn"]
[EventRounds "9"]
[EventCountry "GER"]
[SourceTitle "EXT 1999"]
[Source "ChessBase"]
[SourceDate "1998.11.16"]
[SourceVersion "1"]
[SourceVersionDate "1998.11.16"]
[SourceQuality "1"]
[WhiteTeam "Kronach"]
[BlackTeam "Burgsinn"]
[WhiteTeamCountry "GER"]
[BlackTeamCountry "GER"]

1. d4 Nf6 2. c4 g6 3. Nc3 Bg7 4. e4 d6 5. f4 0-0 6. Nf3 c5 7. d5 Na6 8. Bd3 Nc7 9. 0-0 Bg4 10. h3 Bxf3 11. Qxf3 Nd7 12. Ne2 a6 13. a4 b5 14. a5 bxc4 15. Bxc4 Rb8 16. Qd3 Qc8 17. Ra2 Nb5 18. b3 Rb7 19. Bb2 Bxb2 20. Rxb2 Qc7 21. Ra2 Rfb8 22. Qg3 Nf6 23. e5 Nh5 24. Qe3 Ng7 25. g4 f6 26. Kh1 Kh8 27. e6 f5 28. Qg3 Qd8 29. Rg1 Qf8 30. Qh4 Ne8 31. Qg3 Nf6 32. gxf5 Ne4 33. Qf3 gxf5 34. Ng3 Nd4 35. Qh5 Nf6 36. Qd1 Qh6 37. Qf1 Ng4 38. Nxf5 Nxf5 39. Rxg4 Rxb3 40. Bxb3 Rxb3 41. Qa1+ Nd4 42. Qg1 Rxh3+ 43. Rh2 Rxh2+ 44. Qxh2 Qxh2+ 45. Kxh2 h5 46. Rg2 c4 47. Rg3 Ne2 48. Re3 Nxf4 49. Re4 Nxd5 50. Rxc4 Kg7 51. Rc6 Kf6 52. Rxa6 Kxe6 53. Ra7 Nb4 54. a6 Kd5 55. Ra8 e5 56. Kg3 e4 57. Kf4 h4 58. Ke3 h3 59. a7 Nc6 60. Rh8 Nxa7 61. Rh5+ Kc4 62. Kxe4 Nb5 63. Rxh3 d5+ 1/2-1/2